000 01141nab a2200205 i 4500
001 170412
003 ES-MaACL
005 20231226200800.0
008 090304m18861887sp 000 0 spa d
100 1 _aAzcárate, Gumersindo de,
_d1840-1917
_924243
245 1 0 _aOlózaga - Origen, ideas y vicisitudes del Partido Progresista - El Parlamento desde 1840 hasta 1866 : 12ª conferencia [del ciclo "La España del siglo XIX", Ateneo Científico, Literario y Artístico de Madrid] /
_corador, Gumersindo de Azcárate.
600 1 4 _aOlózaga, Salustiano de,
_d1805-1873
_987007
610 2 4 _aAteneo de Madrid-
_vConferencias-
_yS.XIX.
_91910
610 2 4 _aAteneo de Madrid-
_vObras digitalizadas.
_91930
773 0 _tLa España del siglo XIX : colección de conferencias históricas celebradas durante el curso de 1885-86 [y curso de 1886-87],
_dMadrid : Librería de Don Antonio San Martín, 1886-87,
_gT.2, p. 5-36
_082158
_985194
_w82158
856 4 _uhttp://www.ateneodemadrid.com/biblioteca_digital/folletos/Folletos-0100.pdf
_zVer documento
942 _cANAM
_2udc
999 _c170412
_d170412